000 00481nam a2200169 i 4500
001 30158
003 ES-MaACL
005 20240224063056.0
007 t|
008 030123s1973 sp ||||1| spa d
100 _aBarrios, Manuel,
_d1924-2012
_9235239
245 1 0 _aCartas al pueblo andaluz /
_cManuel Barrios.
260 _aBarcelona :
_bEdiciones 29,
_c[1973]
300 _a253 p. ;
_c20 cm.
852 _aES-MaACL
_jC-48593
_bR.85248
999 _c30158
_d30158